[Event "11th EUR-ch"]
[Site "Rijeka CRO"]
[Date "2010.03.15"]
[Round "9"]
[White "Potapov, Pavel"]
[Black "Gdanski, Jacek"]
[Result "0-1"]
[WhiteElo "2427"]
[BlackElo "2527"]
[EventDate "2010.03.06"]
[PlyCount "66"]

1.e4 c5 2.c3 d6 3.d4 Nf6 4.f3 Qa5 5.Be3 cxd4 6.b4 Qb6 7.Bxd4 Qc7 8.Na3 a6 
9.Qd2 Nc6 10.Be3 e6 11.Nc4 d5 12.Bf4 e5 13.exd5 exf4 14.Qe2+ Ne7 15.d6 Qc6
16.Qe5 Nd7 17.Qxf4 Nd5 18.Qe4+ Kd8 19.Ne2 N7f6 20.Qh4 Bxd6 21.O-O-O Be6 
22.Nd4 Qc7 23.g4 g5 24.Qh6 Be5 25.Be2 Kc8 26.Rhe1 Nxc3 27.Nxe6 fxe6 28.Bd3
Bf4+ 29.Kc2 Nfd5 30.Rxe6 Nxd1 31.Kxd1 Rd8 32.Ke1 Kb8 33.a3 Ka7 0-1

[Event "11th EUR-ch"]
[Site "Rijeka CRO"]
[Date "2010.03.15"]
[Round "9"]
[White "Janssen, Ruud"]
[Black "Reutsky, Sergei"]
[Result "0-1"]
[WhiteElo "2516"]
[BlackElo "2404"]
[EventDate "2010.03.06"]
[PlyCount "80"]

1.d4 Nf6 2.c4 g6 3.Nc3 Bg7 4.e4 d6 5.h3 O-O 6.Bg5 c5 7.d5 b5 8.cxb5 a6 9.
a4 Qa5 10.Bd2 Qb4 11.Bd3 Nfd7 12.Nge2 Ne5 13.Bc2 Nc4 14.O-O Nxd2 15.Qxd2 
Nd7 16.b3 Bb7 17.Bd3 Rfb8 18.a5 axb5 19.Bxb5 Bxc3 20.Nxc3 Nf6 21.a6 Bxd5 
22.exd5 Rxb5 23.Ra4 Qxb3 24.Ra2 Rb4 25.a7 Rd4 26.Qe3 Qb7 27.Re1 Nxd5 28.
Qf3 e6 29.Ne4 Rxe4 30.Qxe4 Rxa7 31.Rxa7 Qxa7 32.h4 Qa5 33.Rb1 h5 34.g3 Kg7
35.Rb7 Qa1+ 36.Kh2 Qd4 37.Qe2 Nf6 38.f3 e5 39.Rb6 e4 40.Rb3 c4 0-1

[Event "11th EUR-ch"]
[Site "Rijeka CRO"]
[Date "2010.03.15"]
[Round "9"]
[White "Gasanov, Eldar"]
[Black "Nedilko, Vasyl"]
[Result "0-1"]
[WhiteElo "2514"]
[BlackElo "2400"]
[EventDate "2010.03.06"]
[PlyCount "118"]

1.c4 e5 2.Nc3 Nf6 3.Nf3 Nc6 4.g3 Bc5 5.Bg2 d6 6.O-O O-O 7.d3 h6 8.a3 a6 9.
b4 Ba7 10.Bb2 Bf5 11.h3 Re8 12.Nd2 Ne7 13.Kh2 c6 14.e4 Bg6 15.Nf3 Bh5 16.
Qb3 Bxf3 17.Bxf3 Ng6 18.Bg2 h5 19.Ne2 h4 20.Rad1 a5 21.Kh1 axb4 22.axb4 
Nh5 23.d4 exd4 24.Nxd4 Bxd4 25.Rxd4 Qg5 26.Bc1 Qe5 27.Rd3 hxg3 28.fxg3 Qe6
29.Bb2 Ne5 30.Rc3 c5 31.Kh2 Nf6 32.Rc2 b6 33.Rd1 Rac8 34.bxc5 bxc5 35.Qc3 
Rb8 36.Ba3 Rb6 37.Bc1 Rb4 38.Bf4 Rxc4 39.Qb3 Rxc2 40.Qxc2 Ra8 41.Rb1 Ra2 
42.Rb2 Rxb2 43.Qxb2 Nfd7 44.Qd2 Kf8 45.g4 Ke7 46.Bg3 c4 47.Qd4 f6 48.Kh1 
Nc5 49.Qa1 Qc8 50.g5 Ncd7 51.gxf6+ gxf6 52.Be1 Qb7 53.Bc3 Qb3 54.Bd4 Qd3 
55.Bc3 Nf3 56.Qc1 Nde5 57.Qa1 Qe3 58.Bb4 Qf4 59.Qa7+ Ke6 0-1

[Event "11th EUR-ch"]
[Site "Rijeka CRO"]
[Date "2010.03.15"]
[Round "9"]
[White "Loncar, Robert"]
[Black "Llaneza Vega, Marcos"]
[Result "1-0"]
[WhiteElo "2424"]
[BlackElo "2514"]
[EventDate "2010.03.06"]
[PlyCount "59"]

1.Nf3 Nf6 2.c4 e6 3.Nc3 c5 4.g3 b6 5.Bg2 Bb7 6.O-O Be7 7.d4 cxd4 8.Qxd4 
O-O 9.Rd1 Na6 10.Bg5 d6 11.Rac1 Qb8 12.Bxf6 gxf6 13.Qg4+ Kh8 14.Qh5 Nc5 
15.Rd4 f5 16.Ng5 Bxg5 17.Qxg5 Rg8 18.Qf6+ Rg7 19.Rcd1 Bxg2 20.Kxg2 Qd8 21.
Qxd8+ Rxd8 22.Rxd6 Rxd6 23.Rxd6 Rg8 24.b4 Ne4 25.Nxe4 fxe4 26.Rd7 Rc8 27.
Rxf7 Rxc4 28.Rxa7 Rxb4 29.Re7 Rb2 30.e3 1-0

[Event "11th EUR-ch"]
[Site "Rijeka CRO"]
[Date "2010.03.15"]
[Round "9"]
[White "Martic, Zlatko"]
[Black "Berczes, David"]
[Result "1-0"]
[WhiteElo "2404"]
[BlackElo "2510"]
[EventDate "2010.03.06"]
[PlyCount "67"]

1.d4 Nf6 2.c4 e6 3.Nc3 Bb4 4.e3 O-O 5.Nf3 c5 6.Bd3 d5 7.O-O Nc6 8.a3 Bxc3 
9.bxc3 Qc7 10.Qe2 dxc4 11.Bxc4 e5 12.h3 Re8 13.Bb2 Bf5 14.Bb5 e4 15.Nd2 a6
16.Bxc6 Qxc6 17.Rfc1 Bg6 18.c4 cxd4 19.exd4 Nh5 20.Qe3 Qc7 21.c5 Nf4 22.
Nc4 Nd3 23.Rc2 Rad8 24.Bc3 Qc6 25.Ba5 Rd5 26.Nb6 f5 27.Nxd5 Qxd5 28.Bc7 
Qb3 29.Rd2 Qc3 30.Rb1 Qxa3 31.Rxb7 f4 32.Bxf4 Qc1+ 33.Kh2 Qf1 34.Be5 1-0

[Event "11th EUR-ch"]
[Site "Rijeka CRO"]
[Date "2010.03.15"]
[Round "9"]
[White "Jurcik, Marian"]
[Black "Lekic, Dusan"]
[Result "1-0"]
[WhiteElo "2510"]
[BlackElo "2396"]
[EventDate "2010.03.06"]
[PlyCount "101"]

1.Nf3 c5 2.e4 d6 3.d4 cxd4 4.Nxd4 Nf6 5.Nc3 Nc6 6.f3 e5 7.Nb3 Be7 8.Be3 
O-O 9.Qd2 a5 10.Bb5 Na7 11.Be2 Be6 12.Rd1 Nc8 13.Nd5 Bxd5 14.exd5 Nh5 15.
O-O f5 16.c4 a4 17.Nc1 Bh4 18.Bd3 b6 19.Ne2 f4 20.Bf2 Bxf2+ 21.Rxf2 g6 22.
b4 axb3 23.axb3 Rf7 24.b4 Rfa7 25.Nc3 Ng7 26.c5 bxc5 27.bxc5 dxc5 28.d6 
Nxd6 29.Be4 Nf7 30.Qb2 Qb8 31.Bxa8 Qxa8 32.Ne4 Ne6 33.Rfd2 c4 34.Nd6 Rc7 
35.Qc3 Nxd6 36.Rxd6 Nd4 37.Re1 Qa7 38.Kh1 Qc5 39.Rd8+ Kf7 40.Rh8 Kf6 41.
Re8 Ne6 42.h3 Rd7 43.Rc1 Rd3 44.Qc2 Nd4 45.Qf2 Kf7 46.Rb8 Qc7 47.Ra8 c3 
48.Qa2+ Kf6 49.Qa6+ Qc6 50.Qxc6+ Nxc6 51.Ra6 1-0

[Event "11th EUR-ch"]
[Site "Rijeka CRO"]
[Date "2010.03.15"]
[Round "9"]
[White "Berkovich, Mark"]
[Black "Djukic, Nikola"]
[Result "0-1"]
[WhiteElo "2401"]
[BlackElo "2509"]
[EventDate "2010.03.06"]
[PlyCount "87"]

1.Nf3 Nf6 2.d4 g6 3.Bg5 Bg7 4.Nbd2 c5 5.Bxf6 Bxf6 6.Ne4 Bxd4 7.Nxd4 cxd4 
8.Qxd4 O-O 9.e3 Nc6 10.Qc3 d6 11.Be2 Bf5 12.Ng3 Be6 13.O-O Qa5 14.Qxa5 
Nxa5 15.Bd3 Rfc8 16.Ne2 f6 17.Rfd1 Bf7 18.Rac1 a6 19.Be4 Rc7 20.Nf4 Rac8 
21.Nd5 Bxd5 22.Bxd5+ Kg7 23.Be6 Rb8 24.Kf1 b5 25.c3 f5 26.a3 Kf6 27.Ba2 
Nb7 28.Ke2 e6 29.f3 Ke5 30.Rd4 d5 31.a4 Nd6 32.axb5 axb5 33.Kd2 g5 34.Kd3 
Ra7 35.Bb3 g4 36.f4+ Kf6 37.Kc2 Ne4 38.Rb4 Kg6 39.Rd1 Kh5 40.Bxd5 exd5 41.
Rxd5 Kh4 42.Rxf5 Nd6 43.Rd5 Rb6 44.f5 0-1

[Event "11th EUR-ch"]
[Site "Rijeka CRO"]
[Date "2010.03.15"]
[Round "9"]
[White "Martinovic, Sasa"]
[Black "Plat, Vojtech"]
[Result "1/2-1/2"]
[WhiteElo "2509"]
[BlackElo "2395"]
[EventDate "2010.03.06"]
[PlyCount "129"]

1.d4 d5 2.c4 c6 3.Nc3 Nf6 4.e3 e6 5.Nf3 Bd6 6.Ne5 O-O 7.f4 c5 8.cxd5 exd5 
9.Bd3 Nc6 10.O-O cxd4 11.exd4 Nxd4 12.Bxh7+ Kxh7 13.Qxd4 Qb6 14.Be3 Qxd4 
15.Bxd4 Bf5 16.Rad1 b6 17.h3 Ne4 18.Nxd5 Be6 19.Nc3 Nxc3 20.Bxc3 Bxe5 21.
Bxe5 Bxa2 22.f5 f6 23.Bc3 Bc4 24.Rf4 b5 25.Rd7 Rf7 26.Rd6 a5 27.g4 Re7 28.
h4 Kg8 29.g5 fxg5 30.hxg5 Rae8 31.f6 gxf6 32.Rdxf6 Re6 33.Bxa5 Rxf6 34.
Rxf6 Re6 35.Rf4 Re5 36.Rg4 Be6 37.Rg3 Re4 38.Kf2 Rf4+ 39.Ke1 Rg4 40.Re3 
Bf5 41.Rb3 Rxg5 42.Rxb5 Rh5 43.Bc3 Kf7 44.Re5 Bg4 45.Re4 Be6 46.Kd2 Ke7 
47.Be5 Bd5 48.Re3 Kd7 49.Kc3 Kc6 50.Bd4 Rf5 51.Kb4 Rf3 52.Re1 Rf4 53.Rc1+ 
Kd6 54.Rd1 Bf3 55.Rd2 Kd5 56.Kc3 Kc6 57.Rf2 Rf7 58.Rh2 Kb5 59.Rh6 Rc7+ 60.
Kd3 Rc6 61.Rh3 Bd1 62.Rh8 Bc2+ 63.Kd2 Rd6 64.Rh4 Bg6 65.Kc3 1/2-1/2

[Event "11th EUR-ch"]
[Site "Rijeka CRO"]
[Date "2010.03.15"]
[Round "9"]
[White "Golubovic, Boris"]
[Black "Sebenik, Matej"]
[Result "0-1"]
[WhiteElo "2392"]
[BlackElo "2504"]
[EventDate "2010.03.06"]
[PlyCount "118"]

1.d4 d6 2.Nf3 g6 3.e4 Bg7 4.c3 Nf6 5.Nbd2 O-O 6.Be2 c5 7.dxc5 dxc5 8.O-O 
Nc6 9.Re1 Qc7 10.Bf1 Rd8 11.Qc2 h6 12.a4 a6 13.Nc4 Bg4 14.Nfd2 Rab8 15.a5 
Be6 16.h3 Nd7 17.Nb3 Bxc4 18.Bxc4 Nde5 19.Qe2 Rbc8 20.Bf4 g5 21.Bg3 e6 22.
Nxc5 Qe7 23.b4 Nxc4 24.Qxc4 Rd2 25.Re3 Nxb4 26.Qxb4 Rxc5 27.Rb1 Rd7 28.e5 
Rb5 29.Qe4 Rxb1+ 30.Qxb1 Qc5 31.Qa2 Rd5 32.Qb3 Qc6 33.Qb4 h5 34.h4 Bf8 35.
Qb3 g4 36.c4 Rxa5 37.Rd3 Ra3 38.Qd1 Qxc4 39.Rd8 Qc7 40.Qd2 Ra1+ 41.Kh2 Qe7
42.Rd7 Ra2 43.Qd4 Qb4 44.Qe3 Qb1 45.Rd3 Bh6 46.Rd8+ Kg7 47.Bf4 Bxf4+ 48.
Qxf4 Qf5 49.Qxf5 exf5 50.Rd7 Rxf2 51.e6 f4 52.Rxb7 Rf1 53.g3 Rf2+ 54.Kg1 
fxg3 55.Ra7 Kf8 56.Rxa6 f5 57.Ra7 f4 58.Rf7+ Ke8 59.Rf5 f3 0-1

[Event "11th EUR-ch"]
[Site "Rijeka CRO"]
[Date "2010.03.15"]
[Round "9"]
[White "Erdogdu, Mert"]
[Black "Zaslavsky, Mikhail"]
[Result "1/2-1/2"]
[WhiteElo "2502"]
[BlackElo "2391"]
[EventDate "2010.03.06"]
[PlyCount "116"]

1.e4 c5 2.Nf3 Nc6 3.d4 cxd4 4.Nxd4 Nf6 5.Nc3 e5 6.Ndb5 d6 7.Bg5 a6 8.Na3 
b5 9.Bxf6 gxf6 10.Nd5 Bg7 11.c3 f5 12.exf5 Bxf5 13.Nc2 O-O 14.Nce3 Be6 15.
Bd3 f5 16.Qh5 e4 17.Bc2 Ne7 18.Rd1 b4 19.cxb4 Nxd5 20.Nxd5 Bxb2 21.O-O 
Bxd5 22.Rxd5 Be5 23.f4 exf3 24.Rxf3 Qb6+ 25.Kh1 Qxb4 26.Rd1 Qg4 27.Rxf5 
Qxh5 28.Rxh5 Ra7 29.Kg1 Rf6 30.g3 Rc7 31.Bb3+ Kg7 32.Rh4 a5 33.Kg2 Rc5 34.
Rd2 Rh6 35.Re4 Rf6 36.Rh4 Rh6 37.Rc4 Rxc4 38.Bxc4 Rf6 39.Rd5 Bc3 40.Rg5+ 
Rg6 41.Rb5 h6 42.Rb3 Bb4 43.Re3 Rf6 44.Re8 Rf8 45.Re7+ Kf6 46.Re6+ Kg7 47.
h4 Rc8 48.Bb3 Rc5 49.Re7+ Kf6 50.Rf7+ Ke5 51.g4 Bd2 52.Kf2 Ke4 53.Rf6 d5 
54.Ke2 Bf4 55.Re6+ Kd4 56.Kf3 Bc1 57.Ke2 Bf4 58.Kf3 Bc1 1/2-1/2

[Event "11th EUR-ch"]
[Site "Rijeka CRO"]
[Date "2010.03.15"]
[Round "9"]
[White "Pavlidis, Antonios"]
[Black "Horvath, Adam"]
[Result "0-1"]
[WhiteElo "2376"]
[BlackElo "2501"]
[EventDate "2010.03.06"]
[PlyCount "60"]

1.e4 c5 2.Nf3 Nc6 3.d4 cxd4 4.Nxd4 e6 5.Nc3 Qc7 6.Be3 a6 7.Be2 b5 8.Nxc6 
Qxc6 9.Bf3 Bb7 10.a3 Ne7 11.O-O Ng6 12.Re1 Ne5 13.Bd4 d6 14.Bh5 g6 15.Bg4 
Bh6 16.Bh3 O-O 17.g3 Rac8 18.f4 Nc4 19.f5 Rce8 20.b3 Ne5 21.fxe6 fxe6 22.
Rf1 Qc7 23.Qe2 Nc6 24.Be3 Bg7 25.Rxf8+ Bxf8 26.Rf1 Bg7 27.Qd2 b4 28.Ne2 
bxa3 29.Nf4 Nd8 30.Bd4 e5 0-1

[Event "11th EUR-ch"]
[Site "Rijeka CRO"]
[Date "2010.03.15"]
[Round "9"]
[White "Valsecchi, Alessio"]
[Black "Benidze, Davit"]
[Result "0-1"]
[WhiteElo "2360"]
[BlackElo "2499"]
[EventDate "2010.03.06"]
[PlyCount "76"]

1.d4 Nf6 2.c4 e6 3.g3 Bb4+ 4.Bd2 Bxd2+ 5.Qxd2 d5 6.Bg2 Nbd7 7.Nc3 c6 8.Nf3
dxc4 9.O-O b5 10.Qc2 Bb7 11.Rfd1 O-O 12.e4 Qc7 13.e5 Nd5 14.Ng5 g6 15.Qe4 
Kg7 16.h4 h6 17.Nh3 h5 18.Ng5 N7b6 19.Ne2 Qe7 20.g4 Rh8 21.Ng3 hxg4 22.
Qxg4 Rh6 23.Be4 Rah8 24.h5 Rxh5 25.Nxh5+ Rxh5 26.Nf3 c5 27.dxc5 Nd7 28.
Bxd5 Bxd5 29.Rxd5 exd5 30.Re1 Nxc5 31.Qd4 Ne6 32.Qxd5 Qc5 33.Qxc5 Nxc5 34.
Nd4 Nd3 35.Re2 Nxe5 36.Nxb5 Rg5+ 37.Kf1 Nf3 38.Re3 Nh2+ 0-1

[Event "11th EUR-ch"]
[Site "Rijeka CRO"]
[Date "2010.03.15"]
[Round "9"]
[White "Wittmann, Walter"]
[Black "Ekstrom, Roland"]
[Result "0-1"]
[WhiteElo "2302"]
[BlackElo "2491"]
[EventDate "2010.03.06"]
[PlyCount "80"]

1.e4 e5 2.Nf3 Nc6 3.Bb5 Nf6 4.O-O Nxe4 5.d4 Nd6 6.dxe5 Nxb5 7.a4 Nbd4 8.
Nxd4 Nxd4 9.Qxd4 d5 10.exd6 Qxd6 11.Re1+ Be6 12.Qe3 Be7 13.Nc3 a6 14.Ne4 
Qc6 15.Bd2 O-O 16.Bc3 Rae8 17.Ng3 Bc5 18.Qf4 Bd6 19.Qh4 f6 20.Re4 Bf7 21.
Rxe8 Rxe8 22.Nf5 Re4 23.g4 Be6 24.Qh3 Bxf5 25.gxf5 Rxa4 26.Re1 Re4 27.Qd3 
Rxe1+ 28.Bxe1 Kf8 29.c4 b5 30.b3 Qc5 31.Bd2 bxc4 32.bxc4 a5 33.Qe4 a4 34.
Qa8+ Kf7 35.Qc8 Qxc4 36.Qd7+ Be7 37.Bf4 Qxf4 38.Qd5+ Ke8 39.Qc6+ Kd8 40.
Qa8+ Kd7 0-1

[Event "11th EUR-ch"]
[Site "Rijeka CRO"]
[Date "2010.03.15"]
[Round "9"]
[White "Sahitaj, Naim"]
[Black "Berescu, Alin-Mile"]
[Result "1-0"]
[WhiteElo "1562"]
[BlackElo "2486"]
[EventDate "2010.03.06"]
[PlyCount "165"]

1.d4 Nf6 2.c4 Nc6 3.Nc3 e5 4.d5 Ne7 5.g3 Ng6 6.a3 a5 7.h4 h5 8.Bg5 d6 9.e4
Bg4 10.f3 Bd7 11.Nh3 Be7 12.Be2 Nh7 13.Be3 f5 14.exf5 Bxf5 15.Qd2 Qc8 16.
Ng5 Bxg5 17.hxg5 Nhf8 18.O-O-O b6 19.Rh2 Ne7 20.g4 Bg6 21.Rdh1 h4 22.Rxh4 
Rxh4 23.Rxh4 Kf7 24.f4 exf4 25.Bd4 Kg8 26.Qxf4 Bh7 27.Qh2 Qe8 28.Bd3 Neg6 
29.Rh3 Qf7 30.Bf5 Re8 31.Nb5 Re1+ 32.Kd2 Re8 33.Bc3 Qe7 34.Nd4 Qxg5+ 35.
Kc2 Qf4 36.Ne6 Nxe6 37.Bxe6+ Rxe6 38.dxe6 Nf8+ 39.Kb3 Qxh2 40.Rxh2 Nxe6 
41.Ka4 Bd3 42.Kb5 Kf7 43.Rd2 Be4 44.Rf2+ Ke7 45.Bxg7 Nxg7 46.Re2 c6+ 47.
Kxb6 d5 48.Kxc6 Ne6 49.Kb6 Nd4 50.Rf2 Nb3 51.cxd5 Bxd5 52.g5 Bf7 53.Kb5 
Be8+ 54.Kc4 a4 55.Kb4 Nd4 56.Ka5 Nb3+ 57.Kb6 Nd4 58.Rf4 Ne6 59.Re4 Kd6 60.
g6 Bxg6 61.Rxa4 Nc7 62.b4 Be8 63.Ra7 Nd5+ 64.Ka5 Nc3 65.Rg7 Kd5 66.Rc7 Bc6
67.Rc8 Kd6 68.Rg8 Kc7 69.Rg3 Nd5 70.b5 Bb7 71.Rg6 Kb8 72.Ka4 Bc8 73.Kb3 
Nc7 74.a4 Bf5 75.Rd6 Bg4 76.Kb4 Be2 77.Kc5 Kb7 78.Rd7 Kc8 79.Rf7 Bd3 80.
Kb6 Ne8 81.Rf8 Kd7 82.Rxe8 Kxe8 83.Kc7 1-0

[Event "11th EUR-ch"]
[Site "Rijeka CRO"]
[Date "2010.03.15"]
[Round "9"]
[White "Gallagher, Joseph"]
[Black "Dragomirescu, Robin-Alexandru"]
[Result "1-0"]
[WhiteElo "2486"]
[BlackElo "2372"]
[EventDate "2010.03.06"]
[PlyCount "145"]

1.d4 Nf6 2.c4 g6 3.Nc3 Bg7 4.Nf3 O-O 5.g3 d6 6.Bg2 Nc6 7.O-O a6 8.h3 Rb8 
9.e4 b5 10.cxb5 axb5 11.e5 dxe5 12.dxe5 Qxd1 13.Rxd1 Nd7 14.e6 fxe6 15.Be3
Nb6 16.Ng5 Ne5 17.Bd4 h6 18.Nge4 b4 19.Nb5 Nd5 20.Na7 Nf3+ 21.Bxf3 Rxf3 
22.Bxg7 Kxg7 23.Nc5 Bb7 24.Nxe6+ Kf7 25.Nc5 Rf5 26.Nxb7 Rxb7 27.Nc6 Rb6 
28.Rac1 h5 29.h4 Ke8 30.Rc4 Rf6 31.Ne5 Rbd6 32.Rdd4 Rfe6 33.Nd3 Re2 34.Kf1
Ree6 35.Nxb4 Nxb4 36.Rxb4 Kd7 37.Re4 Rf6 38.Ke2 Rf5 39.Rbd4 c5 40.Ra4 Rfd5
41.Ra7+ Kc6 42.Ra6+ Kd7 43.Rxd6+ exd6 44.a4 Rf5 45.a5 c4 46.Rxc4 Rxa5 47.
b4 Ra2+ 48.Ke3 Ke6 49.Re4+ Kd5 50.Rd4+ Ke5 51.f4+ Ke6 52.Rd2 Ra4 53.Rb2 
Ra3+ 54.Kf2 Kd7 55.b5 Kc7 56.b6+ Kb7 57.Rb5 Ra2+ 58.Kf3 Ra3+ 59.Kg2 Re3 
60.f5 gxf5 61.Rxf5 Kxb6 62.Rxh5 Kc6 63.Rg5 d5 64.h5 Kd6 65.Rg8 Re7 66.g4 
Ke5 67.Kg3 Rd7 68.h6 d4 69.Rg7 Rd8 70.h7 Rh8 71.g5 d3 72.Kf2 Kf5 73.Ke3 
1-0

[Event "11th EUR-ch"]
[Site "Rijeka CRO"]
[Date "2010.03.15"]
[Round "9"]
[White "Raznikov, Danny"]
[Black "Miron, Lucian-Costin"]
[Result "1/2-1/2"]
[WhiteElo "2331"]
[BlackElo "2482"]
[EventDate "2010.03.06"]
[PlyCount "56"]

1.d4 d5 2.c4 e6 3.Nf3 Nf6 4.g3 Bb4+ 5.Bd2 Be7 6.Bg2 O-O 7.O-O c6 8.Qc2 b6 
9.Rd1 Ba6 10.b3 Nbd7 11.a4 Ne4 12.Be1 f5 13.Ne5 Rc8 14.a5 Nxe5 15.dxe5 b5 
16.f3 Ng5 17.c5 Nf7 18.f4 g5 19.e3 Qe8 20.Nd2 g4 21.b4 Rc7 22.Nb3 Bd8 23.
Nd4 h5 24.Kf1 Nh8 25.Ke2 Rh7 26.Bf2 Ng6 27.Rh1 Bc8 28.h4 a6 1/2-1/2

[Event "11th EUR-ch"]
[Site "Rijeka CRO"]
[Date "2010.03.15"]
[Round "9"]
[White "Ortega, Lexy"]
[Black "Sarbok, Torsten"]
[Result "1-0"]
[WhiteElo "2479"]
[BlackElo "2319"]
[EventDate "2010.03.06"]
[PlyCount "86"]

1.d4 d5 2.c4 e6 3.Nf3 Nf6 4.e3 Be7 5.Nc3 O-O 6.Bd3 dxc4 7.Bxc4 c5 8.O-O a6
9.Qe2 Nc6 10.Rd1 cxd4 11.exd4 Nb4 12.Ne5 b5 13.Bb3 Bb7 14.a4 Nbd5 15.axb5 
axb5 16.Rxa8 Nxc3 17.bxc3 Qxa8 18.f3 Qa6 19.Bb2 Bd5 20.Ra1 Qb7 21.Bc2 Nd7 
22.Ng4 g6 23.Bd3 Bc4 24.Bxc4 bxc4 25.Bc1 Qc7 26.Bh6 Rc8 27.Ra6 Bf8 28.Bxf8
Kxf8 29.g3 Qb7 30.Ra1 h5 31.Nf2 Kg7 32.Ne4 Qd5 33.Ra7 Nf6 34.Nc5 Rxc5 35.
dxc5 Qxc5+ 36.Qf2 Qe5 37.Qd2 Qc5+ 38.Qd4 Qxd4+ 39.cxd4 Nd5 40.Kf2 c3 41.
Ke2 g5 42.Kd3 Kg6 43.Ra8 Ne7 1-0

[Event "11th EUR-ch"]
[Site "Rijeka CRO"]
[Date "2010.03.15"]
[Round "9"]
[White "Arkell, Keith"]
[Black "Bakalarz, Mieczyslaw"]
[Result "1/2-1/2"]
[WhiteElo "2474"]
[BlackElo "2300"]
[EventDate "2010.03.06"]
[PlyCount "106"]

1.Nf3 Nf6 2.c4 g6 3.Nc3 d5 4.cxd5 Nxd5 5.g3 Bg7 6.Bg2 O-O 7.O-O c5 8.Nxd5 
Qxd5 9.d3 Nc6 10.a3 Qh5 11.Rb1 Bh3 12.b4 Bxg2 13.Kxg2 cxb4 14.axb4 Nd4 15.
Nxd4 Bxd4 16.e3 Qxd1 17.Rxd1 Bc3 18.Bd2 Rfc8 19.f4 Bxd2 20.Rxd2 Rc3 21.Kf3
Rac8 22.b5 Kf8 23.g4 f5 24.gxf5 gxf5 25.Rb4 Rc2 26.Ke2 Kf7 27.Ra4 R2c5 28.
Rxa7 Rxb5 29.Raa2 Rc6 30.Rab2 Rxb2 31.Rxb2 Rh6 32.Kd1 Rh3 33.Re2 Ke6 34.
Kd2 Kd5 35.Kc3 b6 36.Kb4 e5 37.fxe5 Kxe5 38.Kc4 Rh6 39.Rf2 Rc6+ 40.Kb4 Rd6
41.Kc3 Rc6+ 42.Kd2 Rh6 43.d4+ Ke6 44.Kd3 Rh3 45.Rb2 f4 46.Ke4 fxe3 47.
Rxb6+ Kd7 48.Rb2 Kd6 49.Ra2 Rh4+ 50.Kxe3 Kd5 51.Rg2 Re4+ 52.Kf3 Rxd4 53.
Rg7 Ke6 1/2-1/2

[Event "11th EUR-ch"]
[Site "Rijeka CRO"]
[Date "2010.03.15"]
[Round "9"]
[White "Doric, Darko"]
[Black "Pesotskyi, Vitaly"]
[Result "1/2-1/2"]
[WhiteElo "2464"]
[BlackElo "2282"]
[EventDate "2010.03.06"]
[PlyCount "159"]

1.d4 Nf6 2.c4 g6 3.Nc3 Bg7 4.e4 d6 5.Nf3 O-O 6.Be2 e5 7.O-O Nc6 8.d5 Ne7 
9.b4 a5 10.Ba3 Nd7 11.bxa5 Rxa5 12.Bb4 Ra6 13.a4 f5 14.Ng5 Nc5 15.Bxc5 
dxc5 16.Bf3 f4 17.Bg4 Nf5 18.exf5 Qxg5 19.Ne4 Qe7 20.fxg6 Rxg6 21.Bxc8 
Rxc8 22.Qf3 Ra8 23.Rfb1 Ra7 24.Rb5 Bf8 25.Rxc5 c6 26.h3 Qg7 27.d6 Rxd6 28.
Nxd6 Bxd6 29.Rd5 e4 30.Rxd6 exf3 31.Rd8+ Kf7 32.Rd7+ Kf6 33.Rxg7 Kxg7 34.
a5 Kf6 35.g3 Ke5 36.Kh2 h5 37.h4 Ke4 38.c5 fxg3+ 39.Kxg3 Kd5 40.Kxf3 Kxc5 
41.Ke4 Kd6 42.f4 Ke6 43.f5+ Kf6 44.Kf4 Ra6 45.Rg1 Rxa5 46.Rg6+ Kf7 47.Kg5 
Rc5 48.Rh6 b5 49.Rh7+ Kg8 50.Rc7 Rc2 51.Kxh5 c5 52.Kg6 Rg2+ 53.Kf6 c4 54.
Rc5 Rg7 55.Rxb5 Rc7 56.Kg6 Rg7+ 57.Kf6 Rc7 58.Rb8+ Kh7 59.Rb2 c3 60.Rc2 
Kg8 61.h5 Rc6+ 62.Ke7 Rc7+ 63.Kd6 Rc4 64.Kd5 Rc8 65.Kd4 Rf8 66.Ke5 Rc8 67.
Kf6 Rc6+ 68.Ke7 Rc4 69.h6 Rc7+ 70.Kd6 Rc4 71.Ke7 Rc7+ 72.Kf6 Rc6+ 73.Kg5 
Kh7 74.f6 Rc5+ 75.Kf4 Kxh6 76.f7 Kg7 77.Ke4 Kxf7 78.Kd4 Rc8 79.Rxc3 Rxc3 
80.Kxc3 1/2-1/2

[Event "11th EUR-ch"]
[Site "Rijeka CRO"]
[Date "2010.03.15"]
[Round "9"]
[White "Bartel, Mateusz"]
[Black "Kadric, Denis"]
[Result "1-0"]
[WhiteElo "2634"]
[BlackElo "2171"]
[EventDate "2010.03.06"]
[PlyCount "79"]

1.g3 g6 2.Bg2 Bg7 3.d4 d6 4.e4 Nf6 5.Nc3 O-O 6.Nge2 e5 7.h3 Nc6 8.Be3 Bd7 
9.O-O exd4 10.Nxd4 Re8 11.Re1 Nxd4 12.Bxd4 Bc6 13.b4 Nh5 14.b5 Bd7 15.a4 
Bxd4 16.Qxd4 Qf6 17.e5 Rxe5 18.Rxe5 Qxe5 19.Qxe5 dxe5 20.Bxb7 Rb8 21.Bg2 
Nf6 22.Na2 e4 23.c4 c6 24.Nc3 cxb5 25.cxb5 Rc8 26.Nxe4 Nxe4 27.Bxe4 Rc4 
28.Bg2 Rb4 29.Rd1 Be6 30.Rd8+ Kg7 31.Ra8 Rb1+ 32.Kh2 Rb2 33.Rxa7 Rxf2 34.
Kg1 Rb2 35.Bf1 Rb1 36.Kf2 Rb2+ 37.Ke3 Rb3+ 38.Kd4 Rxg3 39.b6 Rb3 40.Bb5 
1-0

[Event "11th EUR-ch"]
[Site "Rijeka CRO"]
[Date "2010.03.15"]
[Round "9"]
[White "Banikas, Hristos"]
[Black "Mazi, Leon"]
[Result "1/2-1/2"]
[WhiteElo "2617"]
[BlackElo "2375"]
[EventDate "2010.03.06"]
[PlyCount "82"]

1.c4 c5 2.Nf3 Nf6 3.Nc3 e6 4.g3 b6 5.Bg2 Bb7 6.O-O a6 7.d4 cxd4 8.Qxd4 d6 
9.Rd1 Be7 10.Bg5 Nbd7 11.Qd2 O-O 12.Bf4 Ne8 13.Rac1 Rc8 14.b3 Ba8 15.Ne1 
Bxg2 16.Nxg2 Ndf6 17.a4 Rc6 18.e4 Qb8 19.Qe2 Nd7 20.Ne1 Ne5 21.Nc2 Qb7 22.
Be3 Nf6 23.f4 Ned7 24.Bf2 Rfc8 25.f5 R6c7 26.fxe6 fxe6 27.Nd4 Nf8 28.Rc2 
Re8 29.Rf1 N6d7 30.Qh5 Rcc8 31.Nf3 Bf6 32.Bd4 Bxd4+ 33.Nxd4 Nf6 34.Qe2 Ng6
35.Nf3 Qc7 36.e5 dxe5 37.Re1 Qc5+ 38.Qe3 Red8 39.Kg2 Qc6 40.Kh3 Nd7 41.Ne4
Rf8 1/2-1/2

[Event "11th EUR-ch"]
[Site "Rijeka CRO"]
[Date "2010.03.15"]
[Round "9"]
[White "Saric, Ivan"]
[Black "Lanzani, Mario"]
[Result "1-0"]
[WhiteElo "2607"]
[BlackElo "2371"]
[EventDate "2010.03.06"]
[PlyCount "41"]

1.e4 c5 2.Nf3 d6 3.d4 cxd4 4.Nxd4 Nf6 5.Nc3 Nc6 6.Bg5 e6 7.Qd2 Be7 8.O-O-O
O-O 9.f4 h6 10.Bh4 e5 11.Nf5 Bxf5 12.exf5 exf4 13.Kb1 d5 14.Bxf6 Bxf6 15.
Nxd5 Be5 16.c3 Ne7 17.Bc4 Nxf5 18.Qe2 Qe8 19.Bb5 Qe6 20.Bd7 Qg6 21.Qc2 1-0

[Event "11th EUR-ch"]
[Site "Rijeka CRO"]
[Date "2010.03.15"]
[Round "9"]
[White "Schmidt, Raul"]
[Black "Medvegy, Zoltan"]
[Result "1/2-1/2"]
[WhiteElo "2387"]
[BlackElo "2556"]
[EventDate "2010.03.06"]
[PlyCount "131"]

1.Nf3 g6 2.d4 Bg7 3.g3 c5 4.dxc5 Qa5+ 5.Nbd2 Qxc5 6.Nb3 Qc7 7.Bg2 b6 8.Bf4
d6 9.Bxd6 Qb7 10.O-O exd6 11.Nfd4 d5 12.Nb5 Ke7 13.c4 Qd7 14.Qxd5 Qxd5 15.
Bxd5 a6 16.Bxa8 axb5 17.cxb5 Be6 18.Rac1 Bxb2 19.Rc7+ Nd7 20.Rd1 Nf6 21.
Bc6 Be5 22.Rb7 Rb8 23.Ra7 Rc8 24.Nd4 Rc7 25.Bxd7 Bxd7 26.Nc6+ Ke6 27.Ra6 
Bc8 28.Rxb6 Nd7 29.Nd4+ Ke7 30.Rc6 Bb7 31.Rxc7 Bxc7 32.Nc6+ Bxc6 33.bxc6 
Ne5 34.e4 Nxc6 35.f4 h5 36.Kg2 h4 37.Kf3 hxg3 38.hxg3 f6 39.Kg4 Ke6 40.Rc1
Kd7 41.a4 Bb8 42.Rc5 Bc7 43.Kh4 Kd6 44.Rb5 Kd7 45.Rb3 Ke6 46.Rc3 Kd7 47.f5
g5+ 48.Kh5 Be5 49.Ra3 Kc7 50.Rb3 Nd4 51.Rc3+ Kb6 52.g4 Ne2 53.Rc4 Nf4+ 54.
Kh6 Nd3 55.Kg6 Nf2 56.a5+ Ka7 57.Rc6 Nxe4 58.Re6 Kb7 59.Kf7 Nf2 60.Kg6 
Nxg4 61.Kh5 Ne3 62.Rxe5 fxe5 63.f6 Nd5 64.f7 Nf6+ 65.Kxg5 Nd7 66.Kf5 
1/2-1/2

[Event "11th EUR-ch"]
[Site "Rijeka CRO"]
[Date "2010.03.15"]
[Round "9"]
[White "Holzke, Frank"]
[Black "Sandalakis, Angelos"]
[Result "1/2-1/2"]
[WhiteElo "2526"]
[BlackElo "2319"]
[EventDate "2010.03.06"]
[PlyCount "48"]

1.d4 Nf6 2.Nf3 e6 3.c4 b6 4.Nc3 Bb4 5.Bg5 Bb7 6.e3 c5 7.Be2 O-O 8.O-O h6 
9.Bh4 Bxc3 10.bxc3 d6 11.Nd2 Nbd7 12.f4 Qc7 13.Bd3 d5 14.Rc1 dxc4 15.Bxc4 
Bd5 16.Ba6 Ne4 17.c4 Nxd2 18.Qxd2 Be4 19.Be7 Nb8 20.Bxf8 Nxa6 21.Bxg7 Kxg7
22.d5 Qd6 23.Qc3+ f6 24.dxe6 Qxe6 1/2-1/2

[Event "11th EUR-ch"]
[Site "Rijeka CRO"]
[Date "2010.03.15"]
[Round "9"]
[White "Slavin, Alexei"]
[Black "Boros, Denes"]
[Result "1/2-1/2"]
[WhiteElo "2368"]
[BlackElo "2485"]
[EventDate "2010.03.06"]
[PlyCount "35"]

1.d4 e6 2.Nf3 c5 3.e3 Nf6 4.Bd3 Be7 5.O-O O-O 6.c4 d5 7.b3 Nc6 8.Bb2 cxd4 
9.exd4 b6 10.Nc3 Bb7 11.Qe2 Nb4 12.Bb1 Re8 13.Rd1 Rc8 14.Ne5 Bd6 15.Qf3 
Nc6 16.Qe3 Bxe5 17.dxe5 d4 18.Qd2 1/2-1/2

[Event "11th EUR-ch"]
[Site "Rijeka CRO"]
[Date "2010.03.15"]
[Round "9"]
[White "Bentivegna, Francesco"]
[Black "Shytaj, Luca"]
[Result "0-1"]
[WhiteElo "2361"]
[BlackElo "2472"]
[EventDate "2010.03.06"]
[PlyCount "26"]

1.d4 Nf6 2.Bg5 e6 3.Nd2 h6 4.Bh4 d6 5.e4 Be7 6.Bd3 Nbd7 7.Ne2 e5 8.c3 c6 
9.O-O g5 10.Bg3 Qc7 11.f3 Nh5 12.Nc4 Rg8 13.Ne3 Ndf6 0-1

[Event "11th EUR-ch"]
[Site "Rijeka CRO"]
[Date "2010.03.15"]
[Round "9"]
[White "Yilmaz, Mustafa"]
[Black "Zelic, Mladen"]
[Result "1-0"]
[WhiteElo "2468"]
[BlackElo "2306"]
[EventDate "2010.03.06"]
[PlyCount "120"]

1.e4 e5 2.Bc4 Nf6 3.d3 Nc6 4.Nf3 Be7 5.O-O O-O 6.Re1 d6 7.a4 Nd4 8.Nxd4 
exd4 9.c3 dxc3 10.Nxc3 Be6 11.Bxe6 fxe6 12.Qb3 Qd7 13.Qxb7 Ng4 14.Rf1 Bh4 
15.f3 Qf7 16.Qb3 Bf6 17.Ne2 c5 18.Qd1 Ne5 19.Rb1 Rab8 20.b3 Rb7 21.d4 cxd4
22.Nxd4 Rfb8 23.Nb5 Rd7 24.f4 Nc6 25.Bb2 d5 26.Bxf6 gxf6 27.Rc1 a6 28.exd5
Rxd5 29.Qg4+ Kh8 30.Rxc6 axb5 31.a5 Rd2 32.Qxe6 Qxe6 33.Rxe6 Rc8 34.Re7 
Ra2 35.Rfe1 Rxa5 36.Re8+ Rxe8 37.Rxe8+ Kg7 38.Rb8 Kg6 39.Kf2 Kf5 40.Kf3 h5
41.Rb6 Kg6 42.g3 Ra2 43.h3 Rc2 44.Re6 Rc1 45.g4 hxg4+ 46.hxg4 Kf7 47.Rb6 
f5 48.g5 Rc3+ 49.Ke2 Rxb3 50.Rf6+ Kg7 51.Rxf5 Rb1 52.Ke3 Re1+ 53.Kd4 Rd1+ 
54.Kc5 Rb1 55.Kd4 b4 56.Rb5 Kg6 57.Rb6+ Kh5 58.Ke5 Kg4 59.g6 Re1+ 60.Kf6 
Kxf4 1-0